<?xml version="1.0" encoding="UTF-8"?>
<collection xmlns="http://www.loc.gov/MARC21/slim">
 <record>
  <leader>00381pamaa2200121   4500</leader>
  <controlfield tag="001">0000036069</controlfield>
  <controlfield tag="005">20070223090000.0</controlfield>
  <datafield tag="020" ind1="0" ind2="0">
   <subfield code="a">1855244985 (vol. 2) </subfield>
  </datafield>
  <datafield tag="090" ind1="0" ind2="0">
   <subfield code="a">HF5549.5.T7 </subfield>
   <subfield code="b">CRO 2001</subfield>
  </datafield>
  <datafield tag="245" ind1="1" ind2="0">
   <subfield code="a">Croner's A-Z guide to training and development : </subfield>
   <subfield code="b">volume 2  </subfield>
   <subfield code="c">joint editor; Dawn Spalding.</subfield>
  </datafield>
  <datafield tag="260" ind1="0" ind2="0">
   <subfield code="a">London: </subfield>
   <subfield code="b">Croner.CCH Group Ltd., </subfield>
   <subfield code="c">2001.</subfield>
  </datafield>
  <datafield tag="300" ind1=" " ind2=" ">
   <subfield code="c">30cm.</subfield>
  </datafield>
  <datafield tag="650" ind1="0" ind2="0">
   <subfield code="a">Employees. Training of </subfield>
  </datafield>
 </record>
</collection>
